000 00824nam a22001817a 4500
999 _c61544
_d61544
005 20240322140250.0
008 240322b xxu||||| |||| 00| 0 geo d
041 _ageo
245 _aძეგლის მეგობარი :
_b1975 /
_cრედაქტორი ირაკლი აბაშიძე.
260 _aთბილისი,
_b
_c1964-
300 _aV.
440 _aმატერიალური კულტურის ძეგლები
_921550
653 _aძეგლის მეგობარი
653 _aპერიოდიკა
700 _aაბაშიძე, ირაკლი
_eრედაქტორი
_921551
856 _uhttps://iverieli.nplg.gov.ge/bitstream/1234/27652/1/Dzeglis_Megobari_1975_N39.pdf
_yელ. ვერსია pdf
942 _2udc
_cCR